• 首页
  • 本馆介绍
  • 公告通知
  • 最新文献
  • 馆藏检索
  • 电子资源
  • 读者导购
  • 参考咨询
  • 我的图书馆
  • 登录
  • 详细信息显示
  • 放入我的书架
  • 预约/预借图书
  • 作者相关作品
  • 分类相关作品
  • 丛书相关作品
  • 出版社相关作品

书目信息

  • 表格格式
  • 工作单格式
  • 卡片格式
题名:
外国美术选集
    
 
作者: 邵大箴 编著
分册:  
出版信息: 北京   人民美术出版社  1981
页数: 144,35页
开本: 26cm
丛书名:
单 册:
中图分类: J231(565)
科图分类:
主题词: 绘画--作品综合集--世界--法国
电子资源:
ISBN:
000 00772nam0 2200241 45
001 0181003037
005 20050422095734.3
010    @b精装@dCNY20.00
091    @a8027.7628
100    @a19950413d1981 em y0chiy0121 ea
101 1  @achi@cfre
102    @aCN@b110000
105    @aa z 000yy
200 10 @a外国美术选集@Awai guo mei shu xuan ji@e十九世纪法国绘画@EShi Jiu Shi Ji Fa Guo Hui Hua@f邵大箴等编著@FShao Da Zhen Deng Bian Zhu
210    @a北京@c人民美术出版社@d1981
215    @a144,35页@d26cm
517 1  @a十九世纪法国绘画@Ashi jiu shi ji fa guo hui hua
606    @a绘画@x作品综合集@x世界@y法国
690    @aJ231(565)@v3
701  0 @a邵大箴@4编著
801  0 @aCN@b上海图书馆@c20040308
801  2 @aCN@bNLC@c20040308
905    @dJ231(565)@e22@f1@b228353
    
    外国美术选集:十九世纪法国绘画/邵大箴等编著.-北京:人民美术出版社,1981
    144,35页;26cm
    
    
    ISBN (精装):CNY20.00
    
●
相关链接 在E读中查询图书 在五车中查询图书 在当当中查询图书 在豆瓣中查询图书


正题名:外国美术选集     索取号:J231(565)/22         预约/预借

序号 登录号 条形码 馆藏地/架位号 状态 备注
1 0162415   001886980   密集书库/ [索取号:J231(565)/22] 在馆    
2 0228353   002037860   第一样本阅览室/ [索取号:J231(565)/22] 在馆    
唐山师范学院图书馆 欢迎您!
大连网信软件有限公司© 版权所有